ANATOMY FOR DENTAL STUDENTS (Record no. 3588)

MARC details
000 -LEADER
fixed length control field 00360nam a2200145Ia 4500
008 - FIXED-LENGTH DATA ELEMENTS--GENERAL INFORMATION
fixed length control field 150201s2006 xx 000 0 und d
082 ## - DEWEY DECIMAL CLASSIFICATION NUMBER
Classification number 611
Item number A2006Z
100 ## - MAIN ENTRY--PERSONAL NAME
Personal name ZARGAR,R.K.
245 ## - TITLE STATEMENT
Title ANATOMY FOR DENTAL STUDENTS
250 ## - EDITION STATEMENT
Edition statement 1ST
260 ## - PUBLICATION, DISTRIBUTION, ETC. (IMPRINT)
Name of publisher, distributor, etc. C.B.S PUBLISHERS & DISTRIBUTERS
Place of publication, distribution, etc. DELHI
Date of publication, distribution, etc. 2006
300 ## - PHYSICAL DESCRIPTION
Extent 1-518
650 ## - SUBJECT ADDED ENTRY--TOPICAL TERM
Topical term or geographic name as entry element ANATOMY
942 ## - ADDED ENTRY ELEMENTS (KOHA)
Source of classification or shelving scheme Dewey Decimal Classification
Koha item type Books
Koha issues (borrowed), all copies 2
Holdings
Withdrawn status Lost status Source of classification or shelving scheme Damaged status Not for loan Home library Current library Date acquired Source of acquisition Cost, normal purchase price Serial Enumeration / chronology SGTU Bill Number Total Checkouts Full call number Barcode Date last seen Date last checked out Bill Date Koha item type
    Dewey Decimal Classification     SGT Dental Library SGT Dental Library 19/02/2007 U.B.S.DELHI 450.00 1 SGTU 1144 1 611 A2006Z FD4171 27/01/2023 12/01/2023 16/08/2012 Books
    Dewey Decimal Classification     SGT Dental Library SGT Dental Library 19/02/2007 U.B.S.DELHI 450.00 1 SGTU 1144   611 A2006Z FD4172 09/02/2015   16/08/2012 Books
    Dewey Decimal Classification     SGT Dental Library SGT Dental Library 19/02/2007 U.B.S.DELHI 450.00 1 SGTU 1144 2 611 A2006Z FD4173 02/07/2025 27/06/2025 16/08/2012 Books
    Dewey Decimal Classification     SGT Dental Library SGT Dental Library 19/02/2007 U.B.S.DELHI 450.00 1 SGTU 1144 1 611 A2006Z FD4174 28/01/2023 09/01/2023 16/08/2012 Books
    Dewey Decimal Classification     SGT Dental Library SGT Dental Library 19/02/2007 U.B.S.DELHI 450.00 1 SGTU 1144   611 A2006Z FD4175 09/02/2015   16/08/2012 Books